Dopasuj grę do państwa - Statystyki

Ogólne statystyki
  • Ten quiz został rozwiązany 59 razy
    6 od ostatniego zresetowania
  • Średni wynik to 7 z 15
Statystyki odpowiedzi
Gra Państwo % Poprawnych
Super Mario Japonia
100%
Wiedźmin Polska
100%
Tetris Rosja
80%
Grand Theft Auto Wielka Brytania
80%
Fruit Ninja Australia
60%
PUBG Korea Południowa
60%
Zooba Brazylia
40%
Minecraft Szwecja
40%
S.T.A.L.K.E.R Ukraina
40%
2048 Włochy
40%
World of Tanks Białoruś
20%
Human Fall Flat Litwa
20%
Free Fire Singapur
20%
Flappy Bird Wietnam
20%
PC Bulding Simulator Rumunia
0%
Nie znaleziono quizów pasujących do podanych kryteriów
Rozkład punktacji
Procent ludzi z każdym wynikiem
Percentyl według liczby udzielonych odpowiedzi
Twoja historia wyników
Nie rozwiązałeś tego quizu od ostatniego zresetowania